Escuchemos a los que quedan vivos /
Uloženo v:
| Hlavní autor: | |
|---|---|
| Médium: | Text |
| Témata: | |
| Tagy: |
Přidat tag
Žádné tagy, Buďte první, kdo vytvoří štítek k tomuto záznamu!
|
MARC
| LEADER | 00000 a a2200000 04500 | ||
|---|---|---|---|
| 001 | 3680 | ||
| 003 | |||
| 040 | |||
| 100 | |a Girardo M, Carlos Alberto | ||
| 245 | |a Escuchemos a los que quedan vivos / |c Carlos Alberto Girardo M | ||
| 650 | |a MEDIOS DE COMUNICACION | ||
| 650 | |a PERIODISMO | ||
| 650 | |a VIOLENCIA | ||
| 650 | |a LIBERTAD DE OPINION | ||
| 773 | |g número 22; páginas 19-22 | ||
| 999 | |c 33088 |d 33088 | ||
